000 00950nab a22002057a 4500
999 _c5714
_d5714
003 OSt
005 20251230235711.0
008 190605e xxu||||| |||| 00| 0 spa d
040 _cPJ
100 _94574
_aGabet, Emiliano A.
245 1 3 _aEl pensamiento de "Enrique M. Falcón" :
_bsu incidencia en el derecho procesal /
_cEmiliano A. Gabet.
260 _aCiudad Autónoma de Buenos Aires :
_bThomson Reuters La Ley,
_c2024.
300 _ap. 201-210
500 _aCita: TR LALEY AR/DOC/2093/2024
505 _aSumario: I. Introducción.— II. Citas de su pensamiento en artículos de doctrina de su autoría.— III. Bibliografía.
505 _t¿Te interesa el texto completo? Solicitalo al correo: koha@justierradelfuego.gov.ar
650 0 _91316
_aDERECHO LABORAL
773 0 _02711
_93168
_dCiudad Autónoma de Buenos Aires : Thomson Reuters La Ley, 1999-2002.
_tRevista de derecho del trabajo. Nº 5 - Septiembre 2024
942 _2udc
_cANA